|
|
|
|
| LEADER |
04614njm a2200673 a 4500 |
| 001 |
001364639 |
| 003 |
CZ BrMZK |
| 005 |
20140228102845.0 |
| 007 |
sd fsngnnmmnee |
| 008 |
140205p20141930xr opnng f n cze d |
| 015 |
|
|
|a cnb002564265
|
| 024 |
1 |
|
|a 099925415822
|
| 028 |
0 |
1 |
|a SU 4158-2
|b Supraphon
|
| 040 |
|
|
|a BOA001
|b cze
|
| 041 |
1 |
|
|d cze
|d ger
|d ita
|d fre
|g eng
|g cze
|h ita
|h ger
|h fre
|h cze
|
| 045 |
|
|
|a v-x-
|
| 072 |
|
7 |
|a 784
|x Vokální hudba
|2 Konspekt
|9 9
|
| 080 |
|
|
|a 784.2
|2 MRF
|
| 080 |
|
|
|a (086.76)
|2 MRF
|
| 100 |
1 |
|
|a Novotná, Jarmila,
|d 1907-1994
|7 jn19990209604
|4 sng
|
| 245 |
1 |
0 |
|a Jarmila Novotná
|h [zvukový záznam] :
|b opera recital
|
| 246 |
3 |
0 |
|a Opera recital
|
| 260 |
|
|
|a Praha :
|b Supraphon,
|c p2014
|
| 300 |
|
|
|a 1 zvuková deska (72:02) :
|b digital, mono ;
|c 12 cm
|
| 306 |
|
|
|a 011202
|
| 500 |
|
|
|a Nahrávky č. 1, 7. 10, 11, 13-17 poprvé na CD
|
| 500 |
|
|
|a Kompaktní deska ADD
|
| 505 |
0 |
|
|a Il barbiere di Siviglia. Srdce svého jak se ptám (Una voce poco fa) / Gioacchino Rossini -- Die Zauberflöte, Ach, ich fühl's, es ist verschwunden (Chápu teď, co psal mi osud) -- Le nozze di Figaro. Non so piu cosa son ; Voi, che sapete -- Don Giovanni. Ah, chi mi dice mai ; Fuggi il traditor / Wolfgang Amadeus Mozart -- Les contes d'Hoffmann, Phöbus stolz im Sonnenwagen (Les oiseaux dans la charmille) ; Belle nuit, ô nuit d'amour ; Elle a fui, la tourterelle ; Voyez l'étrange fantasie ; C'est un chanson d'amour / Jacques Offenbach -- La Traviata. Tra-voi ; È strano! ; Ah, fors e lui ; Addio del passato ; Alfredo! Ach, tu il vedesti! - Parigi, o cara / Giuseppe Verdi -- La Boheme. Si, mi chiamano Mimi (Ano, říkají mi Mimi) ; Mimi! Speravo di trovarvi qui / Giacomo Puccini -- Tosca. Vissi d'arte, vissi d'amore (Duch můj kráčel vždy cestou světla) / Giacomo Puccini -- Prodaná nevěsta. Ach, jaký žal. Ten lásky sen -- Hubička. A ty, mé robě - Hajej, můj andílku -- Rusalka. Měsíčku na nebi hlubokém / Bedřich Smetana
|
| 511 |
0 |
|
|a Jarmila Novotná, soprán ; za doprovodu různých sólistů a orchestrů
|
| 518 |
|
|
|a Nahrávky z let 1930-1956
|
| 648 |
|
4 |
|a 1930-1956
|7 ch757019
|2 czenas
|
| 648 |
|
7 |
|a 18.-20. století
|7 ch757019
|
| 650 |
0 |
7 |
|a operní árie
|7 ph291740
|y 18.-20. stol.
|2 czenas
|
| 655 |
|
7 |
|a kompaktní desky
|7 fd201991
|2 czenas
|
| 700 |
1 |
2 |
|a Rossini, Gioacchino,
|d 1792-1868.
|t Barbiere di Siviglia.
|p Voce poco fa
|7 aun2008490648
|
| 700 |
1 |
2 |
|a Mozart, Wolfgang Amadeus,
|d 1756-1791.
|t Zauberflöte.
|p Ach, ich fühl's, es ist verschwunden
|7 aun2006373240
|
| 700 |
1 |
2 |
|a Mozart, Wolfgang Amadeus,
|d 1756-1791.
|t Nozze di Figaro.
|p Non sò più cosa son
|7 aun2007384933
|
| 700 |
1 |
2 |
|a Mozart, Wolfgang Amadeus,
|d 1756-1791.
|t Nozze di Figaro.
|p Voi, che sapete
|7 aun2007384835
|
| 700 |
1 |
2 |
|a Mozart, Wolfgang Amadeus,
|d 1756-1791.
|t Don Giovanni.
|p Ah! chi mi dice mai
|7 aun2013772184
|
| 700 |
1 |
2 |
|a Mozart, Wolfgang Amadeus,
|d 1756-1791.
|t Don Giovanni.
|p Ah! Fuggi il traditor
|7 aun2013772187
|
| 700 |
1 |
2 |
|a Offenbach, Jacques,
|d 1819-1880.
|t Contes d'Hoffmann.
|p Oiseaux dans la charmille
|7 aun2014808718
|
| 700 |
1 |
2 |
|a Offenbach, Jacques,
|d 1819-1880.
|t Contes d'Hoffmann.
|p Elle a fui, la tourterelle
|7 aun2014808721
|
| 700 |
1 |
2 |
|a Offenbach, Jacques,
|d 1819-1880.
|t Contes d'Hoffmann.
|p Belle nuit
|7 aun2006373273
|
| 700 |
1 |
2 |
|a Offenbach, Jacques,
|d 1819-1880.
|t Contes d'Hoffmann.
|p Elle a fui, la tourterelle
|7 aun2014808721
|
| 700 |
1 |
2 |
|a Offenbach, Jacques,
|d 1819-1880.
|t Contes d'Hoffmann.
|p C'est une chanson d'amour
|7 aun2014808774
|
| 700 |
1 |
2 |
|a Verdi, Giuseppe,
|d 1813-1901.
|t Traviata.
|p Tra voi, tra voi
|
| 700 |
1 |
2 |
|a Verdi, Giuseppe,
|d 1813-1901.
|t Traviata.
|p Ah, fors' è lui che l'anima
|7 aun2006373589
|
| 700 |
1 |
2 |
|a Verdi, Giuseppe,
|d 1813-1901.
|t Traviata.
|p Addio del passato
|7 aun2014808940
|
| 700 |
1 |
2 |
|a Verdi, Giuseppe,
|d 1813-1901.
|t Traviata.
|p Parigi, o cara, noi lasceremo
|7 aun2014808891
|
| 700 |
1 |
2 |
|a Puccini, Giacomo,
|d 1858-1924.
|t Bohème.
|p Sì, mi chiamano Mimì
|7 aun2014808726
|
| 700 |
1 |
2 |
|a Puccini, Giacomo,
|d 1858-1924.
|t Bohème.
|p Mimi! Speravo di trovarvi qui
|
| 700 |
1 |
2 |
|a Puccini, Giacomo,
|d 1858-1924.
|t Tosca.
|p Vissi d’arte
|7 aun2008485806
|
| 700 |
1 |
2 |
|a Smetana, Bedřich,
|d 1824-1884.
|t Prodaná nevěsta.
|p Ten lásky sen
|7 aun2006373495
|
| 700 |
1 |
2 |
|a Smetana, Bedřich,
|d 1824-1884.
|t Hubička.
|p Hajej, můj andílku
|7 aun2008465850
|
| 700 |
1 |
2 |
|a Dvořák, Antonín,
|d 1841-1904.
|t Rusalka.
|p Měsíčku na nebi hlubokém
|7 aun2006372785
|
| 910 |
|
|
|a BOA001
|b CDR-1320.218
|
| 990 |
|
|
|a AV
|
| 991 |
|
|
|b 201402
|
| 996 |
6 |
|
|b 2610580494
|c CDR-1320.218
|l MZK
|r Sklad / do 24 hodin
|n 0
|p p.v.
|w 001399538
|u 000010
|a 1
|e BOA001
|j MZK50
|s P
|